[Event "HCL-B3697"]
[Site "www.playchess.de"]
[Date "2006.02.14"]
[Round "12"]
[White "Regicide"]
[Black "zemljanin"]
[WhiteElo "921"]
[BlackElo "1360"]
[PlyCount "80"]
[Result "0-1"]

1.e4 {Hello}  e6 {hello}  2.e5 d6 3.d4 dxe5 4.dxe5 
Qxd1+ 5.Kxd1 b6 6.Bb5+ c6 7.Bd3 Bb7 8.f3 Nd7 9.Bf4 
O-O-O 10.Bg5 f6 11.exf6 Ndxf6 12.Ne2 h6 13.Be3 Nd5 
14.Bf2 c5 15.Na3 Nb4 16.Nf4 Nxd3 17.cxd3 Re8 
18.Nb5 a6 19.Na7+ Kb8 20.Nb5 axb5 21.Bg3 Ka7 
22.Ng6 Rh7 23.Re1 Bd5 24.Ne5 Be7 25.a4 Bb3+ 26.Ke2 
bxa4 27.Nc6+ Kb7 28.Ne5 Bd6 29.Ng6 Bxg3 30.hxg3 
Ne7 31.Ne5 g5 32.Nc4 Kc7 33.Rac1 Bxc4 34.Rxc4 Nf5 
35.Rxa4 Nd4+ 36.Kd1 Kc6 37.f4 gxf4 38.gxf4 Rg8 
39.b4 Rxg2 40.bxc5 bxc5 0-1

[Event "HCL-E1571"]
[Site "www.playchess.de"]
[Date "2006.02.14"]
[Round "2"]
[White "golddim"]
[Black "mrchess"]
[WhiteElo "1447"]
[BlackElo "1502"]
[PlyCount "61"]
[Result "1-0"]

1.e4 {Cheers}  c5 {good luck}  2.Nf3 Nc6 3.d4 cxd4 
4.Nxd4 Nf6 5.Nc3 d6 6.Be3 g6 7.f3 Bg7 8.Qd2 O-O 
9.Be2 Bd7 10.O-O-O a6 11.g4 b5 12.g5 Ne8 13.h4 Qc7 
14.h5 Qa5 15.Kb1 Rb8 16.hxg6 fxg6 17.Qe1 b4 
18.Nxc6 Bxc6 19.Bc4+ Rf7 20.Nd5 e6 21.Nf4 Qe5 
22.Nd3 Qa5 23.Bxe6 Nc7 24.Bxf7+ Kxf7 25.Rxh7 Nb5 
26.Nxb4 Na7 27.Qc3 Rg8 28.Qf6+ Ke8 29.Qxg6+ Kd8 
30.Qxd6+ Kc8 31.Nxc6 1-0

[Event "HCL-C4114"]
[Site "www.playchess.de"]
[Date "2006.02.14"]
[Round "7"]
[White "newplayer"]
[Black "thetruth1985"]
[WhiteElo "1055"]
[BlackElo "584"]
[PlyCount "88"]
[Result "0-1"]

1.e4 Nc6 2.f3 d6 3.Bb5 Bd7 4.Bxc6 Bxc6 5.d4 d5 
6.exd5 Bxd5 7.Ne2 e6 8.Nf4 Nf6 9.Nxd5 Nxd5 10.a3 
Qh4+ 11.g3 Qh3 12.Qe2 Bd6 13.Qf1 Qxf1+ 14.Rxf1 O-O 
15.f4 c5 16.c4 Nf6 17.dxc5 Bxc5 18.Bd2 Ng4 19.b4 
Bd4 20.Bc3 Bxc3+ 21.Nxc3 Nxh2 22.Rh1 Ng4 23.Rh4 
Ne3 24.Kf2 Nxc4 25.f5 Rad8 26.Rah1 h6 27.g4 exf5 
28.gxf5 Rd2+ 29.Ke1 Re8+ 30.Kf1 Nxa3 31.f6 gxf6 
32.R4xh6 Kf8 33.Rg1 Rc2 34.Nd5 Rc1+ 35.Kf2 Rxg1 
36.Kxg1 Re5 37.Nc7 Kg7 38.Rh3 Nb5 39.Rg3+ Kf8 
40.Nxb5 Rxb5 41.Rb3 a5 42.Kf2 Rxb4 43.Rxb4 axb4 
44.Ke2 f5 0-1

[Event "HCL-B3650"]
[Site "www.playchess.de"]
[Date "2006.02.14"]
[Round "19"]
[White "Genesio"]
[Black "Pineywoods"]
[WhiteElo "1071"]
[BlackElo "1226"]
[PlyCount "81"]
[Result "1/2-1/2"]

1.Nf3 {Welcome!}  Nf6 {Thanks!}  2.c4 g6 3.d4 Bg7 
4.Nc3 O-O 5.e3 d6 6.Bd3 Nbd7 7.O-O e5 8.dxe5 Nxe5 
9.Nxe5 dxe5 10.Ne4 Nxe4 11.Bxe4 Qxd1 12.Rxd1 c6 
13.b3 Be6 14.Bb2 Rad8 15.Rxd8 Rxd8 16.f4 exf4 
17.Bxg7 Kxg7 18.exf4 f5 19.Bf3 a5 20.a4 Kf6 21.Re1 
Rd3 22.Rb1 Ke7 23.b4 axb4 24.Rxb4 Rd7 25.c5 Bd5 
26.Bxd5 cxd5 27.Kf2 Kd8 28.Ke3 Kc7 29.Rb6 Kc8 
30.Kd4 Kd8 31.a5 Kc8 32.c6 bxc6 33.Kc5 d4 34.Rxc6+ 
Kb7 35.a6+ Ka7 36.Rb6 d3 37.Rb1 d2 38.Rd1 Kxa6 
39.Kc4 Kb6 40.Kc3 Kc6 41.Rxd2 {(offering draw)} 
 1/2-1/2

[Event "HCL-A2554"]
[Site "www.playchess.de"]
[Date "2006.02.14"]
[Round "15"]
[White "GCP"]
[Black "Eli"]
[WhiteElo "1404"]
[BlackElo "1604"]
[PlyCount "42"]
[Result "0-1"]

1.e4 {hello from Rome, have a good game}  g6 {I 
too live near Rome (Georgia) Good game to us 
both.}  2.d4 d6 3.Nc3 Bg7 4.Be3 c6 5.Qd2 b5 6.Nf3 
Ba6 7.b4 Bb7 8.Rc1 a5 9.a3 axb4 10.axb4 Nd7 11.Bd3 
h5 12.O-O Bh6 13.Ne2 Bxe3 14.Qxe3 Ngf6 15.Rfd1 Qb6 
16.Qd2 c5 17.bxc5 dxc5 18.dxc5 Nxc5 19.Nfd4 O-O 
20.f3 e5 21.Nxb5 Nxd3+ 0-1

[Event "HCL-A2566"]
[Site "www.playchess.de"]
[Date "2006.02.14"]
[Round "1"]
[White "sucram"]
[Black "lunchpail"]
[WhiteElo "1600"]
[BlackElo "1330"]
[PlyCount "80"]
[Result "0-1"]

1.d4 Nf6 2.c4 d6 3.Nc3 Nbd7 4.Nf3 e5 5.Bg5 Be7 
6.dxe5 dxe5 7.Bxf6 Bxf6 8.Ne4 O-O 9.e3 Be7 10.a3 
h6 11.Be2 c6 12.O-O Qc7 13.Nc3 Nc5 14.b4 Ne6 
15.Qc2 f5 16.e4 fxe4 17.Nxe4 {Howdy, what do you 
say about the outcome of the elections in your 
country?  I just read about it in the news and 
they called it a surprise.  Would you agree?}  Nf4 
{no, it was not a surprise here at all. the polls 
had predicted it, so it is what we expected. the 
defeated liberal government was corrupt, and had 
to be dismissed. maybe it was a surprise to others 
around the world, but not a surprise here.    :-)} 
 18.h3 {Will Harper form a minority government or 
is there a partner for a stable coalition?  (They 
always have to come up with some sort of coalition 
over here in Germany.)  I'm applying for a job in 
Canada.  Interview next week.  That's why I'm 
asking...}  Nxh3+ {harper's minority government 
will be perilous. he needs the cooperation of at 
least one other party, and he has no "natural" 
ally in that regard. it will be interesting, to 
say the least. but certainly better than the 
outgoing corrupt, arrogant liberals}  19.Kh1 {Will 
the liberals suffer for a long time or do you 
think they will return within one legislative 
period?  Would le Bloc be a natural ally for the  
conservatives?  I thought Harper promised more 
autonomy for the provinces?}  Nf4 {who knows how 
long they will last? the bloc are not a natural 
ally for any other party. they want to leave 
canada and become a country of their own. where is 
your interview? what job are you applying for?}  
20.g3 Nxe2 21.Qxe2 {My interview is in Leipzig, 
Germany (where I'm living).  The job is "language 
assistant (German)" and it could be at any 
Canadian university.  I don't have a choice;  I 
will be picked and placed if I'm picked at all.}  
Bg4 22.Ned2 Bg5 23.c5 Bxd2 {i was in leipzig in 
the 1980s, on business. i had a wonderful time. i 
hope you enjoy canada as much as i enjoyed your 
country!}  24.Qc4+ {Thanks.  How was it in Leipzig 
back then?  I grew up in the East of Germany and 
was ten when the wall fell.  What was your 
impression of the GDR?}  Kh8 {it was wonderful. i 
found the people of east germany more friednly 
than the west germans. the country was poorer, but 
the people were nicer. the west germans were more 
concerned about money, cars, clothes. they were 
more like canadians.    :-)}  25.Nxd2 {Guess you 
wouldn't say that about Westernized East-Germans 
anymore.  :-)  It's funny though, I have a 
girlfriend who grew up in the West of Germany.  
Guess our generation takes it a bit more easy now 
but my parents' is still very sensitive.}  Qd7 {i 
remember my hosts being very proud of the fact 
that leipzig is where the revolution began. i went 
to a political rally in karl marx square, 
surrounded by russian soldiers. it was very moving 
to see your countrymen risking their lives for 
their freedom.}  26.f3 Be6 27.Qe2 {Strange, I 
think my last message didn't come through.  
Anyway, my university was near Karl Marx Sq.  I 
was little in 89 but remember how significant it 
was for every adult around me.  How long were you 
in Germany at that time?}  Bd5 {only about 1 week 
in east germany, leipzig and leuna (did i spell it 
correctly?), doing technical consulting at the oil 
refinery there. about 2 weeks in west germany, 
mostly frankfurt.}  28.Ne4 {Yes, I know Leuna 
(from passing through).  They had a scandal there 
a few years ago but it's a big chemical complex 
giving the folks there lots of jobs.  Unemployment 
is otherwise around 15%, i.e. high.  Did you have 
a lot of restrictions travelling GDR?}  Qh3+ {i 
travelled with my host from frankfurt. we were 
searched at the border. we were required to buy a 
lot of east german currency. we couldn't get a 
hotel, so we stayed with friends of my host. we 
were accompanied by a political officer when at 
the refinery.}  29.Qh2 {Sounds like something from 
007 / the cold war.  But I remember that it was 
exactly like that.  Did that political officer 
engage in conversation?  By the way, do you speak 
some German?}  Qxh2+ {i speak no german. the 
political officer engaged in some conversation, 
but only through interpreter. he only spoke 
german, until the last day, when he revealed he 
could speak english! he was pretending the whole 
time! like a fox.}  30.Kxh2 {Fox is a nice word.  
I' d say careful bastard.    What did you do in 
your free time while in Leuna and around?}  Rf5 
{we visited the napoleon monument (climbed to the 
top), and the church where bach was concert 
master. we also saw the tavern that goethe wrote 
about. the rest of the free time was spent 
enjoying beer and conversation with our hosts it 
was wonderful.}  31.g4 {Sounds like a really nice 
trip.  My job interview went well yesterday.  But 
they said there are only 12 unis in Engl-speak. 
Canada, yet 18 in Quebec.  There are about 50 
applicants for those 12 spots.  Wish me luck.}  
Rf4 {i wish you the best of luck! and, if you end 
up in my city, we can play some chess in person!   
 :-)     when do you find out the result?}  
32.Rad1 {That would be great!  I will hear from 
the end of April, beginning of May.  What's your 
e-mail?  I'll write you, since I'm sure our game 
won't last that long.  :-)}  Raf8 {i look forward 
to hearing your news. kielyb@telus.net}  33.Nd6 
{I'll write you.  What's your name, by the way?   
Mine is sucram backwards:  Marcus.  :-)}  e4 {my 
name is bruce}  34.Nf5 {Nice meeting you, Bruce.  
Hope you have a good start into the new week.}  
Rxf3 {same to you, marcus}  35.Rxf3 {Tx.  It's a 
really cold morning (well, for Germans it is) with 
snow and everything.  Guess I can practice for 
Canada today...}  exf3 36.Kg3 Kh7 37.Nd6 f2 38.Rf1 
Rf3+ 39.Kh4 g5+ 40.Kh5 {Nice!  Congratulations!}  
Rh3+ {good game, my friend. email me about your 
canada posting!  :-)}  0-1

[Event "HCL-C4134"]
[Site "www.playchess.de"]
[Date "2006.02.14"]
[Round "3"]
[White "nichju"]
[Black "cg"]
[WhiteElo "1067"]
[BlackElo "902"]
[PlyCount "67"]
[Result "1-0"]

1.e4 {Hello and good luck to you}  e5 2.Nf3 Nc6 
{thank you, to you too}  3.Bc4 d6 4.c3 Bg4 5.h3 
Be6 6.O-O Bxc4 7.d3 Be6 8.d4 exd4 9.cxd4 Bc4 
10.Re1 Qd7 11.Nbd2 Bd3 12.Nb3 Ba6 {going walk now, 
after, evening or night I´ll come back ok. 3 or 4 
hours.}  13.d5 Nce7 14.e5 Bc4 15.Na5 b5 16.Bf4 
Nxd5 17.exd6+ Kd8 18.Nxc4 Bxd6 19.Qxd5 Bxf4 
20.Qxa8+ Qc8 21.Rad1+ Bd6 22.Qxc8+ Kxc8 23.Nxd6+ 
cxd6 24.Re8+ Kb7 25.Rxd6 Kc7 26.Rd3 Kb6 27.Ne5 h5 
28.Nd7+ Kc6 29.Ne5+ Kb6 30.b3 f6 31.Re6+ Ka5 
32.Nc6+ Kb6 33.Nb4+ Kb7 34.Rd7+ 1-0

[Event "HCL-E1570"]
[Site "www.playchess.de"]
[Date "2006.02.14"]
[Round "6"]
[White "chess50"]
[Black "Fantaw"]
[WhiteElo "2104"]
[BlackElo "1665"]
[PlyCount "41"]
[Result "1-0"]

1.e4 e5 2.Nf3 {hello!!}  Nc6 {Feel Good!}  3.Bb5 
a6 4.Ba4 Nf6 5.O-O Nxe4 6.d4 b5 7.Bb3 d5 8.Nxe5 
Nxe5 9.dxe5 Be6 10.Be3 c5 11.f3 c4 12.fxe4 cxb3 
13.axb3 dxe4 14.Nc3 Qc7 15.Qd4 Be7 16.Nxb5 Qd8 
17.Qxe4 O-O 18.Rad1 Qa5 19.Nd4 Bd5 20.Qg4 Qb6 
21.Nf5 1-0

[Event "HCL-M868"]
[Site "www.playchess.de"]
[Date "2006.02.14"]
[Round "7"]
[White "Hassell"]
[Black "AJT"]
[WhiteElo "2307"]
[BlackElo "1943"]
[PlyCount "75"]
[Result "1-0"]

1.e4 {Hi, pleased to meet you.}  c5 {How are you 
and greetings, Michel}  2.Nf3 d6 3.d4 cxd4 4.Nxd4 
Nf6 5.Nc3 a6 6.Be2 e6 7.f4 Be7 8.Be3 O-O 9.O-O Nc6 
10.a4 Re8 11.Kh1 Qc7 12.Bf3 Rb8 13.Qe1 Nxd4 
14.Bxd4 e5 15.Ba7 Ra8 16.Be3 Be6 17.Qg3 Bc4 
18.Rfd1 a5 19.f5 Rac8 20.Bh6 Bf8 21.Bg5 Be7 22.h4 
Red8 23.Rd2 Qc5 24.Rb1 Kh8 25.Qe1 h6 26.Bxf6 Bxf6 
27.b3 Qb4 28.Nd1 Ba6 29.c3 Qb6 30.g4 Kg8 31.Qg3 
Be7 32.g5 Kh8 33.Bh5 Rdf8 34.Rg2 g6 35.gxh6 Bf1 
36.Rg1 Rfg8 37.h7 Rg7 38.fxg6 1-0

[Event "HCL-B3866"]
[Site "www.playchess.de"]
[Date "2006.02.14"]
[Round "2"]
[White "morten"]
[Black "schnitzly"]
[WhiteElo "1303"]
[BlackElo "1241"]
[PlyCount "64"]
[Result "0-1"]

1.e4 e5 2.f4 exf4 3.Nf3 d6 4.Bc4 h6 5.Nc3 Nf6 6.d3 
Bg4 7.Bxf4 Nbd7 8.h3 Bxf3 9.Qxf3 Ne5 10.Bxe5 dxe5 
11.a3 c6 12.b4 Qd4 13.Kd2 Be7 14.b5 O-O 15.g4 Nh7 
16.h4 Rad8 17.g5 hxg5 18.h5 g4 19.Qxg4 Bg5+ 
20.Qxg5 Nxg5 21.h6 Qf2+ 22.Kc1 Nf3 23.Kb2 Nd4 
24.Rac1 g6 25.Nd1 Qg2 26.Ne3 Qg5 27.Rh3 {(offering 
draw)}  cxb5 {lassmir noch ein Weilchen!Danke!}  
28.Rg1 {klar junge, das macht richtig  spass, ich 
benutze auch keinen PC, sondern schiebe los und 
amusiere mich, Momantan tanze ich Polka mit deiner 
dame,}  Qxg1 {das ist grauenvoll !!}  29.Nf5 {Die 
dame muss sich ab und zu mal bewegen, sonst ist es 
kein polka, 
warte mal, bald wird sich der Koenig auch bewegen 
muessen!!!}  Kh7 {ja herr wittgenstein!}  30.Rg3 
{Bin ich Ludwig wittgenstein ?}  Qf2 {weis ichs ?} 
 31.Ng7 {this is klingon kanguruh tango for two 
kings and one queen.}  Qxc2+ {but i hate horses}  
32.Ka1 bxc4 0-1

[Event "HCL-E1570"]
[Site "www.playchess.de"]
[Date "2006.02.14"]
[Round "4"]
[White "alldrix"]
[Black "chess50"]
[WhiteElo "1624"]
[BlackElo "2104"]
[PlyCount "56"]
[Result "0-1"]

1.e4 e5 2.Nc3 Nf6 3.Bc4 Nc6 4.Nf3 Nxe4 5.O-O Nxc3 
6.dxc3 f6 7.Re1 Bc5 8.Qd5 Qe7 9.b4 Bb6 10.Ng5 fxg5 
11.b5 Qf6 12.Ba3 Bxf2+ 13.Kh1 Bxe1 14.Rxe1 Ne7 
15.Bxe7 Kxe7 16.Rxe5+ Kd8 17.Rf5 Qxc3 18.Rf3 Qe1+ 
19.Rf1 Qh4 20.g3 Qh6 21.Re1 d6 22.Qf7 Qf6 23.Qh5 
g4 24.Rf1 Qe5 25.Qh4+ g5 26.Qh6 Bd7 27.Rf7 Bxb5 
28.Be6 Qe1+ 0-1

[Event "HCL-E1545"]
[Site "www.playchess.de"]
[Date "2006.02.14"]
[Round "7"]
[White "Josef"]
[Black "ggaarrii"]
[WhiteElo "1625"]
[BlackElo "1736"]
[PlyCount "63"]
[Result "1-0"]

1.d4 d5 2.c4 c6 3.cxd5 cxd5 4.Nf3 Nf6 5.Nc3 e6 
6.Bf4 Bd6 7.Bxd6 Qxd6 8.e3 O-O 9.Bd3 b6 10.O-O Ba6 
11.Ne5 Bxd3 12.Qxd3 a6 13.Rac1 Nbd7 14.f4 Rfc8 
15.a3 Ne8 16.Ne2 b5 17.b4 f6 18.Nxd7 Qxd7 19.Rc5 
Nd6 20.Nc3 Nc4 21.f5 Rxc5 22.dxc5 Nxa3 23.fxe6 
Qxe6 24.Nxd5 Nc4 25.e4 Rc8 26.Ra1 Rc6 27.Nf4 Qe7 
28.Qd5+ Kf8 29.Qxc6 Qe5 30.Rd1 Qxf4 31.Rd8+ Kf7 
32.Qe8+ 1-0

[Event "HCL-C4080"]
[Site "www.playchess.de"]
[Date "2006.02.14"]
[Round "10"]
[White "taffareltaskinovic"]
[Black "Thrustnicely"]
[WhiteElo "800"]
[BlackElo "933"]
[PlyCount "54"]
[Result "0-1"]

1.e4 e5 2.d3 Nc6 3.g3 d5 4.Bg2 d4 5.f4 h5 6.Nf3 f6 
7.O-O Bg4 8.h3 Bxf3 9.Bxf3 g6 10.c3 Bc5 11.b4 
dxc3+ 12.bxc5 Qd4+ 13.Kh1 c2 14.Qxc2 Qxa1 15.Nc3 
Nd4 16.Qa4+ c6 17.Nd5 Rh7 18.f5 Nxf3 19.fxg6 Rg7 
20.Kg2 Nd4 21.Nb6 Rd8 22.Nc4 Qb1 23.Nb2 Nc2 24.Qb3 
Rxg6 25.Bd2 Rxg3+ 26.Kf2 Nd4 27.Qxb7 Rf3+ {Now i 
have you my fine Turkish friend ....} 
 0-1

[Event "HCL-B3650"]
[Site "www.playchess.de"]
[Date "2006.02.14"]
[Round "3"]
[White "JMD"]
[Black "scotty4u"]
[WhiteElo "1360"]
[BlackElo "1295"]
[PlyCount "114"]
[Result "0-1"]

1.d4 {hello from Paris}  f5 2.f4 Nf6 3.e3 g6 4.Nc3 
Bg7 5.Bc4 e6 6.Nf3 c6 7.Bd2 d6 8.Qe2 h6 9.O-O-O 
O-O 10.Nh4 Kh7 11.h3 d5 12.Bb3 Nbd7 13.g4 Ne4 
14.Nxe4 fxe4 15.Ng2 b5 16.a3 a5 17.Rdf1 Ba6 18.Qe1 
a4 19.Ba2 b4 20.Bxb4 Bxf1 21.Bxf8 Bxg2 22.Rh2 Qxf8 
23.Rxg2 c5 24.c3 cxd4 25.cxd4 Qc8+ 26.Rc2 Qb7 
27.Qe2 Rc8 28.Qd2 Bf8 29.Kd1 Rxc2 30.Qxc2 Nb6 
31.Kc1 Qc8 32.Kd2 Qxc2+ 33.Kxc2 Kg7 34.b4 Be7 
35.Kd2 Bh4 36.Ke2 g5 37.fxg5 Bxg5 38.Kf2 Kg6 
39.Ke2 Kf6 40.Kd2 e5 41.dxe5+ Kxe5 42.Ke2 d4 
43.exd4+ Kxd4 44.Bf7 e3 45.Be6 Nc4 46.Bxc4 Kxc4 
47.Ke1 Kd3 48.b5 Bd8 49.b6 Bxb6 50.h4 e2 51.g5 
Ba5+ 52.Kf2 e1Q+ 53.Kf3 Qf1+ 54.Kg4 Ke4 55.g6 Qg2+ 
56.Kh5 Kf5 57.Kxh6 Qxg6+ 0-1

[Event "HCL-A2589"]
[Site "www.playchess.de"]
[Date "2006.02.14"]
[Round "7"]
[White "Widukind"]
[Black "Rafaelkarpov"]
[WhiteElo "1800"]
[BlackElo "1600"]
[PlyCount "69"]
[Result "1-0"]

1.d4 d5 {hello widukind}  2.Nf3 e6 3.e3 Nf6 4.Bd3 
Be7 5.Nbd2 {Hallo, my name is Frank  Adam and I 
live between Hannover and Osnabrück. It is my 
first chess game in the www.
Lets have a nice game. Frank}  O-O 6.O-O a6 7.c3 
Nc6 8.e4 Ng4 9.h3 Nf6 10.e5 Ne8 11.Re1 f6 12.exf6 
Nxf6 13.Ng5 h6 14.Nxe6 Bxe6 15.Rxe6 Bd6 16.Nf3 Re8 
17.Rxe8+ Qxe8 18.Be3 Ne4 19.Qb3 Nd8 20.Qxd5+ Kf8 
21.Qxe4 Qxe4 22.Bxe4 Rb8 23.Ne5 Ke7 24.Nc4 Nf7 
25.Bg6 Rf8 26.Bxf7 Rxf7 27.Re1 Kd8 28.Nxd6 cxd6 
29.d5 b5 30.b3 Rf5 31.c4 b4 32.Bb6+ Kc8 33.Ba5 g5 
34.Bxb4 Kd7 35.Re6 1-0

[Event "HCL-B3820"]
[Site "www.playchess.de"]
[Date "2006.02.14"]
[Round "22"]
[White "RUDI"]
[Black "JRockne"]
[WhiteElo "1257"]
[BlackElo "1053"]
[PlyCount "69"]
[Result "1-0"]

1.e4 {hi!}  e5 {Good morning}  2.Bc4 Nf6 3.d3 Nc6 
4.Nf3 Bb4+ 5.Bd2 O-O 6.a3 Bxd2+ 7.Qxd2 d6 8.O-O h6 
9.Nc3 Re8 10.g3 Bg4 11.Nh4 Ne7 12.b4 g5 13.Ng2 Ng6 
14.Nd5 Be6 15.Nxf6+ Qxf6 16.Bxe6 Qxe6 17.c4 Rad8 
18.a4 b6 19.Ne3 c6 20.b5 c5 21.Qe2 Rd7 22.Nf5 Ne7 
23.Nxe7+ Rdxe7 24.a5 f5 25.axb6 axb6 26.Ra6 Rb7 
27.Rfa1 fxe4 28.Qxe4 Kg7 29.Qxb7+ Kg6 {Saw that 
one right after I moved.}  30.Qe4+ {yeah, happens 
to me from time to time, happens to everyone, I 
guess.}  Kf7 31.Qh7+ Kf8 32.Qh8+ Ke7 33.R6a7+ Kd8 
34.R7a8+ Ke7 35.Rxe8+ 1-0

[Event "HCL-B3858"]
[Site "www.playchess.de"]
[Date "2006.02.14"]
[Round "19"]
[White "IRONMAIDEN"]
[Black "Viking"]
[WhiteElo "1206"]
[BlackElo "1087"]
[PlyCount "73"]
[Result "1-0"]

1.d4 {Hello, have a nice game!}  Nf6 2.Nf3 g6 3.e3 
Bg7 4.Nc3 d5 5.Be2 O-O 6.O-O c5 7.dxc5 Nc6 8.a3 
Bf5 9.b4 a6 10.Rb1 e5 11.Bb2 Re8 12.Qe1 d4 13.exd4 
Bxc2 14.Rc1 Bf5 15.Qd1 exd4 16.Nb1 d3 17.Bxd3 Bxd3 
18.Re1 Ne4 19.Bxg7 Kxg7 20.Nbd2 Qe7 21.Qb3 Rad8 
22.Nxe4 Bxe4 23.Rc4 Bc2 24.Qc3+ f6 25.Rxe7+ Rxe7 
26.Qxc2 Ne5 27.Nxe5 Rxe5 28.g3 f5 29.Qc3 Kf6 30.c6 
b5 31.Rc5 Rde8 32.c7 Kg5 33.Rxe5 Rc8 34.Qe3+ Kg4 
35.f3+ Kh3 36.Qg5 Rxc7 37.Qh4+ 1-0

[Event "HCL-B3808"]
[Site "www.playchess.de"]
[Date "2006.02.14"]
[Round "9"]
[White "knoppe"]
[Black "The_Iceman75"]
[WhiteElo "1239"]
[BlackElo "1473"]
[PlyCount "66"]
[Result "0-1"]

1.e4 e6 {Good luck to you from hamburg / germany}  
2.Nc3 {:-) from Aarhus, DK}  d5 3.exd5 exd5 4.d4 
Bf5 5.Bd3 Bxd3 6.Qxd3 c6 7.Nf3 Bd6 8.O-O Ne7 9.Re1 
O-O 10.Bg5 Qc7 11.g3 h6 12.Bh4 g5 13.Bxg5 hxg5 
14.Nxg5 Ng6 15.h4 Be7 16.Rxe7 Qxe7 17.h5 Qxg5 
18.hxg6 Qxg6 19.Qd2 Nd7 20.Re1 Rfe8 21.Rd1 Re6 
22.Ne2 Qg4 23.f3 Qf5 24.Nf4 Rh6 25.g4 Qg5 26.Re1 
Qh4 27.Nh5 Rg6 28.Re2 Qxh5 29.Re7 Nf6 30.Qe2 Nxg4 
31.fxg4 Rxg4+ 32.Kf2 Qh2+ 33.Kf3 
Qg3+ 0-1

[Event "HCL-B3806"]
[Site "www.playchess.de"]
[Date "2006.02.14"]
[Round "9"]
[White "nichju"]
[Black "rosnahmegatibrahim"]
[WhiteElo "989"]
[BlackElo "1200"]
[PlyCount "49"]
[Result "1-0"]

1.e4 {Greetings from Germany}  e5 2.Nf3 d6 3.Bc4 
h6 4.c3 Nf6 5.d4 exd4 6.cxd4 Nxe4 7.O-O d5 8.Bb3 
Be7 9.Nc3 Nxc3 10.bxc3 c6 11.Bf4 O-O 12.Ne5 Bf6 
13.Ng4 Bxg4 14.Qxg4 g5 15.h4 Bg7 16.hxg5 hxg5 
17.Bxg5 f6 18.Bh6 Rf7 19.Bc2 Qd7 20.Qg6 Kf8 
21.Bxg7+ Rxg7 22.Qxf6+ Qf7 23.Qd6+ Qe7 24.Qf4+ Ke8 
25.Rfe1 1-0

[Event "HCL-B3806"]
[Site "www.playchess.de"]
[Date "2006.02.14"]
[Round "6"]
[White "rosnahmegatibrahim"]
[Black "dynamike"]
[WhiteElo "1200"]
[BlackElo "1479"]
[PlyCount "46"]
[Result "0-1"]

1.e4 c5 2.Bc4 e6 3.Nf3 Nc6 4.O-O Qc7 5.Nc3 a6 6.d3 
Na5 7.Qe2 b5 8.b4 bxc4 9.bxa5 Qxa5 10.Bd2 cxd3 
11.Qxd3 Qc7 12.Na4 d6 13.Nc3 Nf6 14.Rab1 Be7 
15.Ng5 h6 16.Nf3 Bb7 17.g3 d5 18.exd5 Nxd5 19.Nxd5 
Bxd5 20.Ne1 c4 21.Qc3 Bf6 22.Qa3 Bd4 23.Be3 
Bf6 0-1

[Event "HCL-M887"]
[Site "www.playchess.de"]
[Date "2006.02.14"]
[Round "2"]
[White "TealBeatle"]
[Black "bobp"]
[WhiteElo "1937"]
[BlackElo "1874"]
[PlyCount "63"]
[Result "1-0"]

1.e4 {Best of luck, greetings}  d6 {Have a good 
game.}  2.d4 Nf6 3.Nc3 c6 4.Nf3 Bg4 5.Be2 Nbd7 
6.O-O e5 7.Be3 Be7 8.dxe5 Nxe5 9.Nxe5 Bxe2 10.Qxe2 
dxe5 11.Qc4 Qa5 12.a3 O-O 13.f3 a6 14.b4 Qc7 15.a4 
Ne8 16.a5 Qd6 17.Rab1 Qg6 18.Rbd1 Nd6 19.Qb3 Rac8 
20.Na4 Rcd8 21.Bb6 Rdc8 22.Nc5 Rfe8 23.c4 Bg5 
24.Rd3 Bd8 25.Bxd8 Rcxd8 26.Rfd1 Qf6 {(offering 
draw)}  27.R1d2 Nc8 28.Nxb7 Rd4 29.R3xd4 exd4 
30.Nc5 Nd6 31.Qd3 Re7 32.Qxd4 1-0

[Event "HCL-M877"]
[Site "www.playchess.de"]
[Date "2006.02.14"]
[Round "6"]
[White "DePoelmeester"]
[Black "Cordi"]
[WhiteElo "1662"]
[BlackElo "1624"]
[PlyCount "69"]
[Result "1-0"]

1.d4 d5 2.c4 c6 3.Nf3 Nf6 4.cxd5 cxd5 5.Nc3 Nc6 
6.Bf4 Bf5 7.e3 {lekker standaard zo}  a6 8.Rc1 e6 
9.Be2 {ben je thuis of zo?}  Bb4 {Ja, nog wel}  
10.O-O {ik niet, ben gewoon aan t werk....}  O-O 
{Toch leuk, zo'n msn functie bij playchess. Heb 
binnenkort mijn top 500 lijst voor je...}  11.Qb3 
Bxc3 12.bxc3 Qe7 13.Nh4 Ne4 14.Nxf5 {?}  exf5 
15.Qxd5 Qe6 16.Qxe6 fxe6 17.f3 Nf6 18.Rcb1 b5 
19.c4 b4 20.d5 exd5 21.cxd5 Ne7 22.Bd6 Rf7 23.Bxe7 
Rxe7 24.Bc4 Rb7 25.d6+ Kf8 26.Be6 Rd8 27.Rfd1 g6 
28.e4 fxe4 29.fxe4 Rb6 30.e5 Ne4 31.Rdf1+ Ke8 
32.Bf7+ Kd7 33.Bd5 Nc3 34.Rf7+ Ke8 35.Re7+ 
{volgens mij draai je nu de verkeerde kant op!} 
 1-0